Most Fragile Countries of Europe - Statistics

General Stats
  • This quiz has been taken 80 times
  • The average score is 18 of 20
Answer Stats
Global Rank Score Country % Correct
91 67.8 Serbia
100%
148 40.8 United Kingdom
100%
77 71.0 Bosnia and Herzegovina
97%
133 49.4 Bulgaria
96%
22 93.1 Ukraine
96%
121 54.7 Greece
95%
97 64.7 Moldova
95%
48 81.6 Russia
95%
130 51.0 Romania
93%
120 55.9 Albania
90%
114 58.1 North Macedonia
90%
85 68.7 Belarus
89%
139 45.9 Croatia
88%
138 46.2 Hungary
88%
146 41.1 Italy
88%
118 56.9 Montenegro
88%
144 41.7 Poland
86%
143 44.0 Spain
85%
145 41.4 Latvia
79%
152 37.7 Czech Republic
74%
No matching quizzes found
Score Distribution
Percent of People with Each Score
Percentile by Number Answered
Your Score History
You have not taken this quiz